<The> Transfer problem revisited net foreign assets and real exchange rates

Gespeichert in:
Bibliographische Detailangaben
1. Verfasser: Lane, Philip R.
Weitere Verfasser: Milesi-Ferretti, Gian Maria
Format: Buch
Sprache:Englisch
Veröffentlicht: Washington International Monetary Fund 2000
Schriftenreihe:IMF Working Paper WP/00/123
Schlagworte:
Tags: Tag hinzufügen
Keine Tags, Fügen Sie das erste Tag hinzu!

MARC

LEADER 00000nam a2200000 4500
001 c124370
005 20221221083824.4
041 0 |a eng 
044 |a US 
245 1 0 |a <The> Transfer problem revisited  |b net foreign assets and real exchange rates  |c Philip R. Lane and Gian Maria Milesi-Ferretti 
264 1 |a Washington  |b International Monetary Fund  |c 2000 
300 |a 38 s. 
490 1 |a IMF Working Paper  |v WP/00/123 
830 0 |a IMF Working Paper  |v WP/00/123 
610 2 0 |a aktíva 
610 2 0 |a kurz výmenný 
610 2 0 |a hospodárstvo svetové 
610 2 0 |a analýzy 
100 1 |a Lane, Philip R. 
700 1 |a Milesi-Ferretti, Gian Maria